00395nam a2200109Ia 4500008004100000100002500041245005000066260006900116300001100185650002100196856006800217160712s9999 xx 000 0 und d aPascual, Chuckberry. cChuckberry PascualaAng mga Nawawalang Bangus c2014bLikhaan: The Journal of Contemporary Philippine Literature avol. 8 xMAIKLING KUWENTO uhttp://journals.upd.edu.ph/index.php/lik/issue/view/538/showToc